| 000 | 00814nam a2200205Ia 4500 | ||
|---|---|---|---|
| 003 | GCL | ||
| 008 | 140319s9999 xx 000 0 ara d | ||
| 040 |
_aGCL / _cGCL |
||
| 082 | 0 | 4 |
_a358.39 _bم م |
| 100 | 1 | _aمحمد عبدالسلام | |
| 245 | 1 | 0 |
_aالمناطق الخالية من الأسلحة النووية بين الشروط النظرية والخبرات العملية / _cمحمد عبدالسلام |
| 250 | _aالاولى | ||
| 260 |
_aالقاهرة : _bمركز الدراسات السياسية والاستراتيجية - الأهرام ، _c2003 |
||
| 300 |
_a530 ص ؛ _c24 سم |
||
| 650 | 0 | 4 | _aالاسلحة |
| 650 | 0 | 4 | _aجرائم ضد الانسانية |
| 650 | 0 | 4 | _aالاسلحة النووية |
| 650 | 0 | 4 | _aالاسلحة النووية - انتشار |
| 942 |
_2ddc _cBK |
||
| 999 |
_c6522 _d6522 |
||